000 00783cam a22002413a 4500
001 5891
003 PGUSA
005 20140828083125.0
008 040601s2004||||xxu|||||s|||||000 | eng d
040 _aPGUSA
_beng
042 _adc
050 4 _aDT
100 1 _aKingsley, Mary Henrietta,
_d1862-1900
245 1 0 _aTravels in West Africa :
_bCongo Français, Corisco and Cameroons
_h[electronic resource] /
_cMary Henrietta Kingsley
260 _bProject Gutenberg,
_c2004
506 _aPublic domain in the USA.
516 _aElectronic text
653 _aKingsley, Mary Henrietta, 1862-1900 -- Travel -- Africa, West
653 _aAfrica, West -- Description and travel
830 0 _aProject Gutenberg
_v5891
856 4 0 _uhttp://www.gutenberg.org/ebooks/5891
942 _cEB
999 _c235219
_d235219